Eintracht Frankfurt Squad 2024-2025 - Statistics

General Stats
  • This quiz has been taken 233 times
    124 since last reset
  • The average score is 21 of 30
Answer Stats
# Position Nation Player % Correct
1 GK Germany Kevin Trapp
100%
7 FW Egypt Omar Marmoush
98%
11 FW France Hugo Ekitiké
95%
4 DF Germany Robin Koch
89%
16 MF Sweden Hugo Larsson
88%
15 MF Tunisia Ellyes Skhiri
86%
13 DF Denmark Rasmus Kristensen
85%
27 MF Germany Mario Götze
83%
35 DF Brazil Tuta
83%
3 DF Belgium Arthur Theate
81%
8 MF Algeria Farès Chaïbi
79%
18 MF Syria Mahmoud Dahoud
76%
17 FW France Elye Wahi
71%
40 GK Brazil Kauã Santos
71%
20 MF Turkey Can Uzun
70%
21 DF Germany Nathaniel Brown
70%
36 FW Germany Ansgar Knauff
69%
- Coach Germany Dino Toppmöller
69%
30 FW Belgium Michy Batshuayi
69%
6 MF Denmark Oscar Højlund
69%
22 DF United States Timothy Chandler
69%
9 FW Croatia Igor Matanović
66%
34 DF Germany Nnamdi Collins
64%
19 FW France Jean-Mattéo Bahoya
58%
26 MF France Junior Dina Ebimbe
56%
29 DF France Niels Nkounkou
56%
5 DF Switzerland Aurèle Amenda
53%
33 GK Germany Jens Grahl
49%
23 MF Hungary Krisztián Lisztes
38%
41 DF Cameroon Jérôme Onguéné
20%
No matching quizzes found
Score Distribution
Percent of People with Each Score
Percentile by Number Answered
Your Score History
You have not taken this quiz since the last reset